000 00844cam a22002891 4500
001 10312673
003 ARRUPE
005 20220524101613.0
008 721002s1963 nyua b 000 0 eng
010 _a 62020322
015 _aGB63-7949
035 _a(OCoLC)420163
040 _aDLC
_cODaWU
_dOCoLC
_dUk
_dDLC
042 _apremarc
050 0 0 _aE18
_b.B2 1963
082 _a970
100 1 _aBannon, John Francis,
_d1905-
_951813
245 1 0 _aHistory of the Americas.
_cJohn Francis Bannon
250 _a2d ed.
260 _aNew York,
_bMcGraw-Hill
_c[1963]
300 _a2 v.
_billus.
_c24 cm.
504 _aIncludes bibliography.
505 0 _av. 1. The colonial Americas.--v. 2. The American nations.
651 0 _aAmerica
_xHistory.
_951814
906 _a7
_bcbc
_coclcrpl
_du
_encip
_f19
_gy-gencatlg
942 _2lcc
_cMONOGRAPH
999 _c131509
_d131509